| 000 | 02605nam a2200349 i 4500 | ||
|---|---|---|---|
| 001 | 000020736 | ||
| 003 | DO-SdBPM | ||
| 005 | 20251217110808.0 | ||
| 007 | ta | ||
| 008 | 100813s2023 dr 000 0 spa d | ||
| 020 | _a9789945635676 | ||
| 040 |
_aDO-SdBPM _bspa _cBPMSU _erda _d |
||
| 082 | 4 |
_a006.3 _bM559f 2023 _222 |
|
| 100 | 1 |
_aMerejo, Andrés _eautor _4aut. |
|
| 245 | 1 | 0 |
_aFilosofía para tiempos transidos y cibernéticos / _cAndrés Merejo |
| 264 |
_aSanto Domingo : _bEditorial Santuario, _c2023 |
||
| 300 |
_a160 paginas ; _c24 cm. |
||
| 336 |
_atexto _btxt _2rdacontent |
||
| 337 |
_asin mediación _2rdamedia _bn |
||
| 338 |
_avolumen _2rdacarrier _bnc |
||
| 500 | _aNota prelimar de Víctor Gómez Pin | ||
| 500 | _aIncluye datos biográficos del autor en las solapas | ||
| 504 | _aBibliografía : páginas . 151-160 | ||
| 505 | 0 | _aNota preliminar. Víctor Gómez Pin, 9.-- Lo virtual y la poxesperiencia bajo la lupa del filósofo, 17.-- Lo virtual, 17.-- Covirtualidad, 19.-- Filosofía de lo virtual, 22.-- Mirada de lo virtual, 26.-- Posexperiencia, 32.-- Posexperencia en el ciberespacio, 34.-- Posexperiencia virtual, 37.-- La ética entre lo transido y lo virtual, 41.-- La ética ante el dolor y la nada, una visión integral, 41.-- Sin una chispa de dolor no hay ética, 46.-- “Almas muertas”, días que transcurren, 47.-- La policía de la moral contra la ética, 51.-- Ética en la investigación científica, 53.-- Ciberética : vivir en lo virtual, 59.-- Visión filosófica de la tecnociencia en el cibermundo, 65.-- La tecnociencia desde una perspectiva filosófica, 72.-- Vueltas en el huracán progreso, 81.-- Visión filosófica del universo, 89.-- El hereje de nuestro tiempo, 101.-- Pensar la herejía desde la sombra, 101.-- El hereje idiota, 105.-- El sujeto cibernético desde un pensamiento herético, 107.-- Hereje cibernético, 113.-- Herejía contra la ciberbasura que socava el pensamiento, 117.-- Tiempos transidos y cibernéticos, 121.-- Lecciones aprendidas sobre lo transido, 121.-- Lo transido envuelto en tiempo de lumbre cibernética, 130.-- Filosofía para tiempos transidos y cibernéticos, 135.-- Filosofando a la intemperie, 139.-- Filosófica hoy, mañana y siempre, 143.-- Reflexión final, 147.-- Referencias bibliográficas, 151. | |
| 590 | _aInventariado, 2025 /VM | ||
| 650 | 7 |
_aCibernética. _y |
|
| 650 | 7 | _aFilosofía de la cibernética. | |
| 650 | 7 |
_aInteligencia artificial _xAspectos éticos y morales |
|
| 650 | 7 |
_aInteligencia artificial _xFilosofía. |
|
| 910 | _aVMateo V. Control de calidad. BPMSU | ||
| 942 |
_2ddc _cBK |
||
| 999 |
_c15585 _d15585 |
||